000 00731nam a2200253Ia 4500
003 OSt
005 20241111104309.0
008 210716s2013 xx 000 0 und d
020 _a9788181283856
040 _cAIMIT LIBRARY
041 _aeng
082 _a005.73
_bVAZU
100 _aVazirani, Vijay V.
_9184859
245 _aApproximation algorithms.
250 _a1st ed.
260 _aNew Delhi :
_bSpringer ,
_c2013.
300 _axix,380 p.;
_bPB
_c23.5 cm.
650 _aMultiway cut and k cut
_9184860
650 _aShortest superstring
_9184861
650 _aKnapsack
_9184862
650 _aMinimum makespan scheduling
_9184863
650 _aRounding applied to set cover
_9184864
942 _2ddc
_cBK
_k005.73 VAZU
999 _c194407
_d194407